| 000 | 02155nam0a2200397 4500 | ||
|---|---|---|---|
| 001 | RU\NLR\BIBL_A\022637338 | ||
| 005 | 20260524042603.0 | ||
| 010 |
_a978-5-88473-079-3 _9300 |
||
| 035 | _a(NLR Aleph) 022637338 | ||
| 090 |
_a13504887 _c13504887 |
||
| 100 | _a20251006d2015 u y0rusy50 ca | ||
| 101 | 0 |
_arus _atat |
|
| 102 | _aRU | ||
| 105 | _ay ac 011yy | ||
| 181 | 0 |
_ai _baxxe |
|
| 182 | 0 | _an | |
| 200 | 1 |
_aНациональная библиотека Республики Татарстан: история и современность _dТатарстан Республикасының Милли китапханәсе: тарих һәм хәзерге заман _e(к 150-летию со дня основания библиотеки) _eбиблиогр. указ. _fНац. б-ка Респ. Татарстан _gсост.: Г. Ш. Зимаголова [и др.] _gотв. ред.: С. Р. Зиганшина _ztat |
|
| 203 |
_aТекст _bвизуальный _cнепосредственный |
||
| 210 |
_aКазань _cМилли китап _d2015 |
||
| 215 |
_a319 с. _d22 |
||
| 300 | _aТекст рус., татар. | ||
| 320 | _aИмен. указ. авт., сост., ред.: с. 289–304 | ||
| 320 | _aУказ. персоналий: с. 304–310 | ||
| 320 | _aУказ. геогр. назв.: с. 311–313 | ||
| 510 | 1 |
_aТатарстан Республикасының Милли китапханәсе: тарих һәм хәзерге заман _ztat |
|
| 601 | 0 | 2 |
_aНациональная библиотека Республики Татарстан _cКазань, город _jУказатели _92582866 _3RU\NLR\AUTH\661526780 |
| 686 | 1 | _aЧ734(2Р-6Т)711.2я1 | |
| 702 | 1 |
_aЗимаголова _bГ. Ш. _gГулярам Ш _4220 |
|
| 702 | 1 |
_aЗиганшина _bС. Р. _gСююмбике Разилевна _4340 |
|
| 711 | 0 | 2 |
_aНациональная библиотека Республики Татарстан _cКазань _9367942 _3RU\NLR\AUTH\889936568 |
| 942 | _cBOOK | ||
| 980 | _aNB | ||